Statistiques concernant Culture Générale - Série 05

Cliquez ici pour prendre le quiz!

Statistiques générales

  • Ce quiz a été pris 1 467 fois
  • Le résultat moyen est 5 sur 10

Statistiques - réponses

QuestionRéponse% Correct
Dans quel pays se trouve Tchernobyl ?Ukraine
90%
Dans quelle ville se déroule le festival international de la BD ?Angouleme
75%
Qui est l’ inventeur du téléphone ?Bell
74%
De quel pays Hugo Chavez a-t-il été le président ?Venezuela
74%
Comment a-t-on appelé les guerres qui ont opposé dans l'Antiquité Rome à Carthage ?Puniques
44%
Dans quel pays trouve-t-on le fleuve Ebre ?Espagne
43%
Qui a écrit le traité politique intitulé "Le prince" ?Machiavel
41%
Dans quelle ville de province le musée du Louvre s’est-il installé ?Lens
40%
Dans quel pays se trouve la ville de Benghazi ?Libye
39%
Quelle est la muse de l’Histoire ?Clio
26%

Distribution des résultats

Percentile par nombre de réponses

% des personnes avec chaque résultat

Votre développement - résultats

Vous n’avez pas pris ce quiz